[Event "Novosibirsk Sukharev Memorial op"]
[Site "Novosibirsk"]
[Date "2009.07.26"]
[Round "9"]
[White "Vershinin, Mikhail1111"]
[Black "Dergilev, Igor"]
[Result "1-0"]
[WhiteElo "2036"]
[BlackElo "2222"]
[PlyCount "83"]
[EventDate "2009.07.18"]
[EventType "swiss"]
[EventRounds "9"]
[EventCountry "RUS"]
[SourceTitle "CBM 131 Extra"]
[Source "ChessBase"]
[SourceDate "2009.09.03"]
[SourceVersion "2"]
[SourceVersionDate "2009.09.16"]
[SourceQuality "1"]

1. d4 g6 2. Nf3 Bg7 3. b3 c5 4. Bb2 Nc6 5. e3 d5 6. Nbd2 cxd4 7. exd4 Qb6 8. c3 Nf6 9. Bd3 0-0 10. 0-0 e5 11. dxe5 Ng4 12. Bc2 Ngxe5 13. h3 Be6 14. Ng5 Bd7 15. c4 h6 16. cxd5 hxg5 17. dxc6 Bxc6 18. Bxe5 Bxe5 19. Nc4 Qc7 20. Nxe5 Qxe5 21. Re1 Qf6 22. Bd3 Rad8 23. Qc2 Rd4 24. Rad1 g4 25. hxg4 Rxg4 26. Be4 Rc8 27. Bxc6 Rxc6 28. Qd3 Kg7 29. Re4 Rxe4 30. Qxe4 a6 31. g3 Rc5 32. Kg2 b5 33. Rd7 Rf5 34. Rd2 g5 35. Qd4 Re5 36. Qg4 Kg6 37. Qc8 Kh7 38. Rd8 Re2 39. Qh3+ Kg7 40. Qh8+ Kg6 41. Rg8+ Kf5 42. Qh7+ 1-0

[Event "Novosibirsk Sukharev Memorial op"]
[Site "Novosibirsk"]
[Date "2009.07.25"]
[Round "8"]
[White "Dergilev, Igor"]
[Black "Danilyuk, Olga"]
[Result "0-1"]
[WhiteElo "2222"]
[BlackElo "2125"]
[PlyCount "115"]
[EventDate "2009.07.18"]
[EventType "swiss"]
[EventRounds "9"]
[EventCountry "RUS"]
[SourceTitle "CBM 131 Extra"]
[Source "ChessBase"]
[SourceDate "2009.09.03"]
[SourceVersion "2"]
[SourceVersionDate "2009.09.16"]
[SourceQuality "1"]

1. d4 Nf6 2. Nf3 e6 3. e3 b6 4. Bd3 Bb7 5. 0-0 Be7 6. b3 0-0 7. Bb2 Ne4 8. Nfd2 d5 9. f3 Nxd2 10. Nxd2 Bf6 11. f4 c5 12. Rf3 g6 13. g4 Nc6 14. c3 Ne7 15. Rg3 Nc8 16. Nf3 Nd6 17. Ne5 Ne4 18. Rg2 Rc8 19. Bxe4 dxe4 20. dxc5 Bxe5 21. fxe5 bxc5 22. c4 Qg5 23. Qe1 Rfd8 24. h4 Qh6 25. Re2 Rd3 26. Kg2 Qf8 27. Qa5 Qd8 28. Qxd8+ Rcxd8 29. Ba3 Rc8 30. Kg3 a5 31. Kf4 h6 32. Rb1 Kg7 33. Rbb2 f6 34. exf6+ Kxf6 35. g5+ hxg5+ 36. hxg5+ Kg7 37. Rbd2 Rf8+ 38. Kg4 Rf3 39. Rxd3 exd3 40. Rd2 Rxe3 41. Bxc5 Rf3 42. Bd4+ Kf7 43. Bc3 a4 44. Rh2 Be4 45. b4 Rf1 46. c5 Bf5+ 47. Kg3 Rc1 48. Bb2 Rc4 49. a3 Ke7 50. Rh7+ Kd8 51. Bf6+ Kc8 52. Kf3 Rc2 53. b5 Rxc5 54. b6 Rb5 55. Bd4 Rb3 56. Rc7+ Kb8 57. Rc3 Rb5 58. Ke3 0-1

[Event "Novosibirsk Sukharev Memorial op"]
[Site "Novosibirsk"]
[Date "2008.07.20"]
[Round "?"]
[White "Dergilev, Igor"]
[Black "Slanova, Sofia"]
[Result "1-0"]
[WhiteElo "2239"]
[BlackElo "1955"]
[PlyCount "57"]
[EventDate "2008.07.20"]
[EventType "swiss"]
[EventRounds "9"]
[EventCountry "RUS"]
[SourceTitle "EXT 2022"]
[Source "ChessBase"]
[SourceDate "2021.10.06"]
[SourceVersion "1"]
[SourceVersionDate "2021.10.06"]
[SourceQuality "1"]

1. d4 d5 2. Nf3 Nf6 3. e3 Bg4 4. c4 c6 5. cxd5 cxd5 6. Qb3 Qb6 7. Qxb6 axb6 8. Ne5 Bf5 9. Bb5+ Nbd7 10. Nc3 e6 11. g4 Be4 12. f3 Bxf3 13. Nxf3 Nxg4 14. Rg1 Ngf6 15. Ne5 Ke7 16. Nxd7 Nxd7 17. e4 dxe4 18. Nxe4 h6 19. Bf4 Kd8 20. Nd6 Ke7 21. Nc4 e5 22. Nxe5 Nxe5 23. Bxe5 f6 24. Bc7 Rc8 25. Rc1 Ke6 26. Ke2 Bd6 27. Bc4+ Ke7 28. Rxg7+ Kf8 29. Bxd6+ 1-0

[Event "Izmailov Memorial op 10th"]
[Site "Tomsk"]
[Date "2006.07.16"]
[Round "5"]
[White "Dergilev, Igor"]
[Black "Iskusnyh, Sergei"]
[Result "0-1"]
[WhiteElo "2267"]
[BlackElo "2506"]
[PlyCount "116"]
[EventDate "2006.07.12"]
[EventType "swiss"]
[EventRounds "9"]
[EventCountry "RUS"]
[SourceTitle "EXT 2008"]
[Source "ChessBase"]
[SourceDate "2007.11.25"]
[SourceVersion "1"]
[SourceVersionDate "2007.11.25"]
[SourceQuality "1"]

1. d4 Nf6 2. Nf3 d5 3. e3 c5 4. dxc5 e6 5. a3 Bxc5 6. b4 Bd6 7. Bb2 a5 8. b5 Nbd7 9. Nbd2 0-0 10. c4 Qe7 11. Be2 Nb6 12. 0-0 e5 13. c5 Bxc5 14. Nxe5 a4 15. Bd4 Bxd4 16. exd4 Bf5 17. Bd3 Bxd3 18. Nxd3 Nfd7 19. Qf3 Rac8 20. Nb4 Qg5 21. Rfd1 Rfe8 22. Nf1 Nf6 23. g3 Ne4 24. h4 Qf6 25. Qxf6 Nxf6 26. Rac1 Ne4 27. Rxc8 Rxc8 28. Re1 Nc3 29. Re7 Rb8 30. Ne3 Kf8 31. Re5 Nd7 32. Rxd5 Nxd5 33. Nbxd5 Rc8 34. Kf1 Rc1+ 35. Ke2 Rb1 36. Nc3 Rb3 37. Nxa4 Rxa3 38. Nc5 Nxc5 39. dxc5 Rc3 40. c6 bxc6 41. bxc6 Rxc6 42. Kf1 Ke7 43. Kg2 Ke6 44. Ng4 h6 45. Nh2 g5 46. hxg5 hxg5 47. Nf3 Rc8 48. g4 f6 49. Ne1 Rc1 50. Nf3 Kd5 51. Nd2 Rd1 52. Nf1 Ke5 53. Ng3 Rd4 54. f3 Rd2+ 55. Kh3 Rf2 56. Nh5 Rxf3+ 57. Kg2 Ra3 58. Kf2 Rh3 0-1

[Event "Izmailov Memorial op 10th"]
[Site "Tomsk"]
[Date "2006.07.12"]
[Round "1"]
[White "Dergilev, Igor"]
[Black "Bocharov, Dmitry"]
[Result "1-0"]
[WhiteElo "2267"]
[BlackElo "2571"]
[PlyCount "87"]
[EventDate "2006.07.12"]
[EventType "swiss"]
[EventRounds "9"]
[EventCountry "RUS"]
[SourceTitle "EXT 2008"]
[Source "ChessBase"]
[SourceDate "2007.11.25"]
[SourceVersion "1"]
[SourceVersionDate "2007.11.25"]
[SourceQuality "1"]

1. d4 d6 2. Nf3 g6 3. e4 Nf6 4. Bd3 Bg7 5. h3 0-0 6. Bg5 h6 7. Be3 e5 8. dxe5 dxe5 9. Qd2 Kh7 10. Nc3 Qe7 11. 0-0-0 Nbd7 12. g4 Nc5 13. g5 hxg5 14. Bxg5 Rd8 15. Rdg1 b5 16. h4 b4 17. Nd5 Rxd5 18. exd5 e4 19. h5 Nxd3+ 20. cxd3 exf3 21. hxg6+ Kg8 22. gxf7+ Qxf7 23. Bh6 Ng4 24. Bxg7 Qxg7 25. Rh4 b3 26. axb3 Bd7 27. Qf4 Rf8 28. Rhxg4 Bxg4 29. Qxg4 Qxg4 30. Rxg4+ Kh7 31. Rg3 Kh6 32. Kc2 Rf5 33. Kc3 a5 34. Kc4 Rf6 35. d4 Kh7 36. Kd3 Rb6 37. Rxf3 Rxb3+ 38. Ke4 Rxb2 39. Rf7+ Kg6 40. Rxc7 Rxf2 41. d6 Kf6 42. Kd5 Rf5+ 43. Kc6 Rf4 44. d7 1-0

[Event "Koltsovo op-A"]
[Site "Koltsovo"]
[Date "2006.06.19"]
[Round "8"]
[White "Sinitsin, Roman"]
[Black "Dergilev, Igor"]
[Result "1-0"]
[WhiteElo "2181"]
[BlackElo "2297"]
[PlyCount "141"]
[EventDate "2006.06.12"]
[EventType "swiss"]
[EventRounds "9"]
[EventCountry "RUS"]
[SourceTitle "EXT 2008"]
[Source "ChessBase"]
[SourceDate "2007.11.25"]
[SourceVersion "1"]
[SourceVersionDate "2007.11.25"]
[SourceQuality "1"]

1. Nf3 d5 2. d4 Nf6 3. c4 c6 4. g3 Bg4 5. Bg2 e6 6. 0-0 Nbd7 7. Nc3 dxc4 8. a4 a5 9. Qc2 Nb6 10. Rd1 Nfd5 11. Ne5 Nb4 12. Qd2 Bh5 13. Ne4 f6 14. Nf3 Bg6 15. Nc5 Bxc5 16. dxc5 Qxd2 17. Nxd2 Bc2 18. Rf1 Nxa4 19. Nxc4 Nxc5 20. Rxa5 Rxa5 21. Nxa5 Kd7 22. Be3 b6 23. Nc4 Kc7 24. Ra1 Rb8 25. Ra7+ Rb7 26. Ra8 Nd7 27. Rg8 g5 28. Rg7 Kb8 29. Rg8+ Ka7 30. Rc8 Rb8 31. Rxb8 Kxb8 32. Nxb6 Nxb6 33. Bxb6 f5 34. Kf1 Kb7 35. Bc5 Nd5 36. Ke1 Ka6 37. Kd2 Kb5 38. Bf8 Bb1 39. Kc1 Ba2 40. e4 Nf6 41. exf5 exf5 42. f3 g4 43. Bg7 gxf3 44. Bxf3 Ng4 45. h3 Nf2 46. h4 Be6 47. Kc2 c5 48. Be5 Ng4 49. Bf4 c4 50. Kc3 Kc5 51. Bg5 Bd5 52. Be7+ Kc6 53. Be2 Nf2 54. Kd4 Ne4 55. Bf3 c3 56. bxc3 Nxc3 57. Bh5 Nb5+ 58. Ke5 Kd7 59. Bc5 Be6 60. Bb4 Nc7 61. Bf3 Bb3 62. Kxf5 Bc2+ 63. Kf6 Ne8+ 64. Kf7 Nd6+ 65. Bxd6 Kxd6 66. h5 Ke5 67. Bg4 Bd3 68. Kg7 Bc2 69. h6 Bd3 70. Bh5 Kf5 71. Bg6+ 1-0

[Event "Novosibirsk Region-ch"]
[Site "Novosibirsk"]
[Date "2003.??.??"]
[Round "5"]
[White "Okladnikov, Gennady"]
[Black "Dergilev, Igor"]
[Result "1/2-1/2"]
[WhiteElo "2244"]
[BlackElo "2254"]
[PlyCount "64"]
[EventDate "2003.??.??"]
[EventType "swiss"]
[EventRounds "9"]
[EventCountry "RUS"]
[SourceTitle "EXT 2008"]
[Source "ChessBase"]
[SourceDate "2007.11.25"]
[SourceVersion "1"]
[SourceVersionDate "2007.11.25"]
[SourceQuality "1"]

1. e4 Nf6 2. e5 Nd5 3. d4 d6 4. Nf3 dxe5 5. Nxe5 c6 6. Qf3 Be6 7. Bc4 Nd7 8. Nd3 g6 9. 0-0 Bg7 10. c3 0-0 11. Bb3 h6 12. h3 Bf5 13. Re1 Re8 14. Ne5 Nxe5 15. dxe5 Bxb1 16. Rxb1 e6 17. c4 Ne7 18. g4 Qa5 19. Bf4 g5 20. Bg3 Ng6 21. Rbd1 Rad8 22. Kg2 Bxe5 23. Bc2 Bg7 24. Bxg6 fxg6 25. Rxd8 Qxd8 26. Rd1 Qf6 27. Qe4 Kh7 28. b3 e5 29. Rd7 Re7 30. Rd3 Qe6 31. Re3 Qd6 32. Rd3 Qe6 1/2-1/2